Rangadhama: Padmashri K V Subbanna abhinandana grantha (Record no. 139249)

MARC details
000 -LEADER
fixed length control field 00939nam a2200289Ia 4500
003 - CONTROL NUMBER IDENTIFIER
control field OSt
005 - DATE AND TIME OF LATEST TRANSACTION
control field 20251117161119.0
008 - FIXED-LENGTH DATA ELEMENTS--GENERAL INFORMATION
fixed length control field 210210b2005 xxu||||| |||| 00| 0 eng d
020 ## - INTERNATIONAL STANDARD BOOK NUMBER
International Standard Book Number 8128003542
040 ## - CATALOGING SOURCE
Transcribing agency AL
041 ## - LANGUAGE CODE
Language code of text/sound track or separate title Kannada
082 ## - DEWEY DECIMAL CLASSIFICATION NUMBER
Classification number K894.8 MAHR
100 ## - MAIN ENTRY--PERSONAL NAME
Personal name MAHABALESHVARA BHATTA (T) Ed
Dates associated with a name ಮಹಾಬಲೇಶ್ವರ ಭಟ್ಟ (ಟಿ)
9 (RLIN) 245994
245 ## - TITLE STATEMENT
Title Rangadhama: Padmashri K V Subbanna abhinandana grantha
Remainder of title ರಂಗಧಾಮ: ಪದ್ಮಶ್ರೀ ಕೆ.ವಿ.ಸುಬ್ಬಣ್ಣ ಅಭಿನಂದನ ಗ್ರಂಥ
260 ## - PUBLICATION, DISTRIBUTION, ETC.
Place of publication, distribution, etc. Bengaluru
Name of publisher, distributor, etc. Sapna book house
Date of publication, distribution, etc. 2005
300 ## - PHYSICAL DESCRIPTION
Extent 560
650 ## - SUBJECT ADDED ENTRY--TOPICAL TERM
Topical term or geographic name entry element Vi
9 (RLIN) 245995
650 ## - SUBJECT ADDED ENTRY--TOPICAL TERM
Topical term or geographic name entry element Subbanna
9 (RLIN) 245996
650 ## - SUBJECT ADDED ENTRY--TOPICAL TERM
Topical term or geographic name entry element Rangadhama
9 (RLIN) 245997
650 ## - SUBJECT ADDED ENTRY--TOPICAL TERM
Topical term or geographic name entry element Padmashri
9 (RLIN) 245998
650 ## - SUBJECT ADDED ENTRY--TOPICAL TERM
Topical term or geographic name entry element Ke
9 (RLIN) 245999
650 ## - SUBJECT ADDED ENTRY--TOPICAL TERM
Topical term or geographic name entry element grantha
9 (RLIN) 246000
650 ## - SUBJECT ADDED ENTRY--TOPICAL TERM
Topical term or geographic name entry element abhinandana
9 (RLIN) 246001
690 ## - LOCAL SUBJECT ADDED ENTRY--TOPICAL TERM (OCLC, RLIN)
Topical term or geographic name as entry element Kannada Collections
9 (RLIN) 246002
906 ## - LOCAL DATA ELEMENT F, LDF (RLIN)
a 063938
942 ## - ADDED ENTRY ELEMENTS (KOHA)
Source of classification or shelving scheme Dewey Decimal Classification
Koha item type Book
Holdings
Withdrawn status Lost status Source of classification or shelving scheme Damaged status Not for loan Collection code Home library Current library Shelving location Date acquired Source of acquisition Cost, normal purchase price Total Checkouts Full call number Barcode Date last seen Price effective from Koha item type
    Dewey Decimal Classification     Kannada St Aloysius Library St Aloysius Library   02/17/2021 Athree Book Centre,Mangalore 395.00   K894.8 MAHR 063938 02/17/2021 02/17/2021 Book